Normal view
MARC view
- Durakovic, Esad/Translated Amila Karahasanovic
Entry Personal Name
001 - CONTROL NUMBER
- control field: 6206
003 - CONTROL NUMBER IDENTIFIER
- control field: JO-AjAnu
005 - DATE AND TIME OF LATEST TRANSACTION
- control field: 20230606071315.0
008 - FIXED-LENGTH DATA ELEMENTS
- fixed length control field: 230606|| aca||aabn | a|a d
040 ## - CATALOGING SOURCE
- Original cataloging agency: JO-AjAnu
- Transcribing agency: JO-AjAnu
100 ## - HEADING--PERSONAL NAME
- Personal name: Durakovic, Esad/Translated Amila Karahasanovic
670 ## - SOURCE DATA FOUND
- Source citation: Work cat.: (JO-AjAnu)3216: Durakovic, Esad/Translated Amila Karahasanovic, author, The Poetics of Ancient and Classical Arabic Literature: Orientology